[Event "CZE-tht Extraliga 2018-19"]
[Site "Czech Republic"]
[Date "2018.12.02"]
[Round "4"]
[White "Bernasek, Jan"]
[Black "Pokorny, Petr"]
[Result "1-0"]
[WhiteElo "2477"]
[BlackElo "2211"]
[Annotator "TA"]
[PlyCount "43"]
[EventDate "2018.11.03"]
[EventType "team-tourn"]
[EventCountry "CZE"]
[SourceTitle "playchess.com"]
[Source "ChessBase"]
[SourceQuality "1"]
[WhiteTeam "Siesta Solution Unichess A"]
[BlackTeam "Siesta Solution Unichess B"]

{[%evp 9,42,34,56,61,77,55,60,53,55,22,30,47,77,34,29,31,28,32,94,83,89,105,579,587,29986,29987,29987,121,29988,29989,29991,29988,29998,29999,29999]} 1. Nf3 d5 2. e3 c6 3. c4 e6 4. b3 Be7 (4... Nd7 5. Bb2 f5 6. Qc2 Ngf6 7. Nc3 a6 8. h3 Bd6 9. g4 O-O 10. gxf5 e5 11. cxd5 cxd5 12. Ng5 {1-0 (83) Cheparinov,I (2702)-Zeng,C (2542) China 2018}) 5. Bb2 Bf6 {LiveBook: 3 Games} 6. d4 {A11: English Opening: 1...c6} Ne7 7. Bd3 $146 ({Predecessor:} 7. Nbd2 dxc4 8. Bxc4 Ng6 9. Qc2 Nd7 10. Ne4 Be7 11. h4 h6 12. h5 {1-0 (22) Ivanov,V (2375)-Antonov,V Moscow 1996}) 7... c5 8. cxd5 {White is slightly better.} Nxd5 9. O-O {[%cal Bh1f1,Bf1e1,Be1e3][%mdl 32]} cxd4 10. Nxd4 O-O 11. Nc3 Bxd4 12. exd4 Nxc3 13. Bxc3 Bd7 ({Black should play} 13... Nd7 $14) 14. Re1 Bc6 15. Re3 $40 {[%mdl 128] White is out for blood.} Nd7 $2 {[%mdl 8192] [#]} (15... g6 $16 {is tougher.}) 16. d5 $1 $18 {[%mdl 512] Intending Bxh7+ and mate.} Bxd5 {[#]} 17. Bxh7+ $1 {[%mdl 512]} Kxh7 18. Qh5+ Kg8 {[#] aiming for ...f5.} 19. Bxg7 $1 {[%csl Gg7][%cal Rh5h8][%mdl 512] White mates.} f5 (19... Kxg7 20. Rg3+) 20. Rg3 {[%cal Rg7f6]} f4 21. Bf6+ {[%mdl 64] Discovered Attack} fxg3 22. Qg6# {Accuracy: White = 74%, Black = 51%.} 1-0

[Event "CZE-tht Extraliga 2018-19"]
[Site "Czech Republic"]
[Date "2018.12.02"]
[Round "4"]
[White "Rasik, Vitezslav"]
[Black "Blahynka, Martin"]
[Result "0-1"]
[WhiteElo "2461"]
[BlackElo "2418"]
[Annotator "TA"]
[PlyCount "120"]
[EventDate "2018.11.03"]
[EventType "team-tourn"]
[EventCountry "CZE"]
[SourceTitle "playchess.com"]
[Source "ChessBase"]
[SourceQuality "1"]
[WhiteTeam "Ostrava"]
[BlackTeam "Duras"]

{[%evp 14,120,15,14,12,16,12,18,20,16,35,25,39,27,28,27,28,27,27,27,31,30,33,35,35,6,0,0,0,0,0,-43,-33,-38,-16,-28,-8,-27,-34,-29,-25,-28,-34,-94,-84,-86,-97,-95,-89,-97,-91,-80,-75,-120,-112,-111,-58,-203,-191,-161,-152,-187,-186,-177,-170,-254,-246,-264,-260,-759,-731,-860,-860,-867,-867,-867,-867,-847,-829,-806,-794,-5503,-3680,-1787,-1620,-29951,-29957,-29947,-29957,-29951,-29953,-10185,-7573,-5485,-4710,-5485,-5522,-5428,-4330,-1558,-1550,-29982,-29983,-29983,-29984,-29984,-29985,-29985,-29986]} 1. e4 e5 2. Nf3 Nc6 3. Bb5 Nf6 4. d3 Bc5 5. Bxc6 dxc6 6. Be3 {C65: Ruy Lopez: Berlin Defence (3...Nf6), unusual lines and 4 0-0 Bc5} (6. Nbd2 Nd7 7. O-O O-O 8. Nc4 f6 9. a4 a5 10. c3 Nb6 11. Nxa5 Rxa5 12. b4 Rxa4 13. Rxa4 Nxa4 14. bxc5 {1-0 (49) Saric,I (2692)-Cheparinov,I (2711) Zagreb 2018}) 6... Bd6 7. Nc3 Nd7 8. O-O {LiveBook: 3 Games. The position is equal.} O-O 9. Nd2 $146 ({Predecessor:} 9. d4 exd4 10. Qxd4 Qe7 11. Rad1 {½-½ (11) Maze,S (2595)-Cornette,M (2584) Menton 2018}) 9... Nc5 10. Nc4 Ne6 11. Ne2 Qf6 12. Qd2 Rd8 13. f4 (13. Qc3 {feels hotter.} c5 14. f4 Nd4 15. Rae1 Qe7 16. f5) 13... exf4 14. Nxf4 Bxf4 15. Bxf4 Nxf4 16. Rxf4 Qd4+ 17. Qf2 Be6 18. Qxd4 Rxd4 19. Nd2 a5 20. a3 a4 21. Kf2 c5 22. Ke3 Rd6 23. Rff1 Rb6 24. Rfb1 f5 25. exf5 Bxf5 26. Nc4 Rg6 27. Rg1 b5 28. Nd2 ({White should try} 28. Raf1 $15) 28... Re8+ $17 29. Kf2 {[#]} c4 $1 $36 {[%mdl 2560] White is under strong pressure.} 30. dxc4 Rd6 ({Much worse is} 30... Bxc2 $6 31. cxb5 Rb6 32. Rac1 $11) 31. Nf3 bxc4 32. Rge1 Rb8 33. Re5 Bxc2 34. Rae1 Bg6 (34... Rxb2 $17 {Threatens to win with ...Bg6+.} 35. Re8+ Kf7) 35. R1e2 ({White should play} 35. Kg1 $15) 35... Rdb6 $19 36. Rc5 Rxb2 37. Rxc7 {[#]} Bd3 $1 38. Rxb2 Rxb2+ {[%mdl 4096] Endgame KRB-KRN} 39. Kg3 {[#]} (39. Ke3 $142) 39... h6 $1 40. Ra7 c3 41. Ne5 $2 (41. Rc7) 41... Be4 42. Rxa4 Rxg2+ 43. Kf4 c2 44. Rc4 Rg1 45. Kxe4 c1=Q 46. Rxc1 Rxc1 {KR-KN} 47. h4 Rh1 48. Nf3 g6 49. Kf4 Kg7 50. Kg4 Kf6 51. Kf4 Ra1 52. Nd2 Rxa3 53. Ne4+ Ke6 54. Nc5+ Kd5 55. Nd7 Ra4+ 56. Kg3 Ra6 57. h5 gxh5 {Black mates.} 58. Kh4 Rd6 59. Nf8 Rf6 60. Nd7 Rf7 {Accuracy: White = 46%, Black = 80%.} 0-1

[Event "CZE-tht Extraliga 2018-19"]
[Site "Czech Republic"]
[Date "2018.12.02"]
[Round "4"]
[White "Jurcik, Marian"]
[Black "Chmel, Kristian"]
[Result "1-0"]
[WhiteElo "2451"]
[BlackElo "2140"]
[Annotator "TA"]
[PlyCount "109"]
[EventDate "2018.11.03"]
[EventType "team-tourn"]
[EventCountry "CZE"]
[SourceTitle "playchess.com"]
[Source "ChessBase"]
[SourceQuality "1"]
[WhiteTeam "Siesta Solution Unichess A"]
[BlackTeam "Siesta Solution Unichess B"]

{[%evp 10,109,37,35,86,0,0,0,12,0,80,54,68,29,78,77,91,85,123,133,122,118,137,112,110,108,99,127,123,120,116,54,39,41,91,78,121,140,128,111,166,113,117,87,95,94,87,84,79,87,121,117,118,109,138,102,102,102,107,102,100,59,136,104,118,109,144,118,152,149,202,108,101,26,179,212,298,297,288,295,335,337,452,436,502,487,493,492,483,474,504,366,833,832,797,785,796,747,1140,414,400,379]} 1. e4 c5 2. Ne2 d6 3. g3 Nc6 4. Bg2 g6 5. c3 e5 6. d4 {LiveBook: 13 Games. B20: Sicilian: Unusual White 2nd moves} Bh6 $146 (6... exd4 $14 7. cxd4 Bg7) ({Predecessor:} 6... cxd4 7. cxd4 Bg7 8. Be3 Nf6 9. h3 d5 10. dxe5 Nxe4 11. f4 O-O 12. Nbc3 d4 13. Nxe4 dxe3 14. O-O Be6 15. Qxd8 Rfxd8 16. Rf3 Nb4 17. Rc1 {½-½ (17) Andreikin,D (2625)-Kokarev,D (2603) Voronezh 2009}) 7. dxc5 (7. d5 $16) 7... dxc5 $11 8. Qxd8+ {The position is equal.} Kxd8 9. Na3 a6 (9... Be6 $11 {keeps the balance.}) 10. Nc4 Kc7 11. f4 Nge7 12. Ne3 $1 ({Of course not} 12. fxe5 Bxc1 13. Rxc1 Be6 $15) 12... Re8 13. O-O $1 $36 {[%mdl 2048] Keeping Black busy.} f5 14. Nd5+ Nxd5 15. exd5 Na5 16. fxe5 Bxc1 17. Nxc1 {Hoping for Re1.} Rxe5 18. Nd3 Re3 19. Nxc5 Kd6 20. Nb3 (20. Rf4 $16) 20... Nc4 $14 21. Rf2 Re5 22. Nd2 b5 23. Nxc4+ bxc4 24. Rf4 Bb7 {[#]} (24... Re2 $16) 25. Rxc4 (25. b3 $1 $18) 25... Re2 $16 {Threatens to win with ...Rxg2+!} 26. Rb4 Bxd5 27. Bxd5 Kxd5 {[%mdl 4096] Endgame KRR-KRR} 28. Rf1 a5 29. Rd4+ Ke5 30. Rf2 Re1+ 31. Kg2 a4 32. a3 h5 33. Rb4 Ra6 34. Kf3 Kf6 35. Rd2 Kg5 (35... g5 $14) 36. Rbd4 Rb1 37. h4+ Kh6 38. Rb4 Rf1+ 39. Kg2 Rb1 {[#]} (39... Rc1 $16 40. Rb7 g5 41. hxg5+ Kxg5) 40. Rd7 ({White should try} 40. Rc2 $1 $18) 40... g5 41. Rdb7 (41. hxg5+ $16 Kxg5 42. Rd2) 41... Rg6 $2 (41... g4 $11 {and Black stays safe.}) 42. Rxa4 $18 Rd1 (42... Re6 {was called for.} 43. hxg5+ Kxg5) 43. hxg5+ Kxg5 44. Rf4 Re6 45. Rb5 Re2+ 46. Kf3 Rdd2 47. Rfxf5+ Kg6 48. Rg5+ Kf6 {intending ...Rf2+.} 49. Rxh5 Rxb2 50. a4 Rec2 $2 (50... Ra2 51. a5 Rf2+ 52. Ke4 Ra4+ 53. Ke3 Rg2 54. Rb6+ Kg7 55. Rg5+ Kf8) 51. Rxb2 Rxb2 52. Ke4 Rg2 53. Rh6+ Kf7 54. Kf3 (54. a5 $142 Ra2 55. a6) 54... Ra2 55. Rh4 {Accuracy: White = 58%, Black = 41%.} 1-0

[Event "CZE-tht Extraliga 2018-19"]
[Site "Czech Republic"]
[Date "2018.12.02"]
[Round "4"]
[White "Biolek, Richard Jr."]
[Black "Shengelia, David"]
[Result "0-1"]
[WhiteElo "2447"]
[BlackElo "2532"]
[Annotator "RC"]
[PlyCount "120"]
[EventDate "2018.11.03"]
[EventType "team-tourn"]
[EventCountry "CZE"]
[SourceTitle "playchess.com"]
[Source "ChessBase"]
[SourceQuality "1"]
[WhiteTeam "Ostrava"]
[BlackTeam "Duras"]
[TimeControl "40/5400+30:1800+30"]

1. e4 {[%emt 0:01:02]} c5 {[%emt 0:00:00]} 2. Nf3 {[%emt 0:00:07]} Nc6 {[%emt 0:00:00]} 3. Bb5 {[%emt 0:00:04]} e6 {[%emt 0:00:52]} 4. O-O {[%emt 0:00:35]} Nge7 {[%emt 0:00:13]} 5. d4 {[%emt 0:01:00]} cxd4 {[%emt 0:08:34]} 6. Nxd4 {[%emt 0:00:09]} Nxd4 {[%emt 0:12:53]} 7. Qxd4 {[%emt 0:00:05]} a6 {[%emt 0:05:19]} 8. Be2 {[%emt 0:05:42]} Nc6 {[%emt 0:00:39]} 9. Qe3 {[%emt 0:01:42]} Qc7 {[%emt 0:10:18]} 10. c4 {[%emt 0:02:08]} Bd6 {[%emt 0:13:08]} 11. Kh1 {[%emt 0:00:15]} Ne5 {[%emt 0:06:47]} 12. f4 {[%emt 0:07:23]} Ng6 {[%emt 0:12:37]} 13. Nc3 {[%emt 0:30:04]} b6 {[%emt 0:01:48]} 14. e5 {[%emt 0:02:50]} Bc5 {[%emt 0:00:10]} 15. Qd3 {[%emt 0:00:21]} Bb7 {[%emt 0:01:27]} 16. Bf3 {[%emt 0:00:15]} Bxf3 {[%emt 0:03:02]} 17. Qxf3 {[%emt 0:00:10]} O-O {[%emt 0:00:28]} 18. Ne4 {[%emt 0:01:26]} d6 {[%emt 0:04:49]} 19. exd6 {[%emt 0:09:57]} Bxd6 {[%emt 0:00:11]} 20. Nxd6 {[%emt 0:00:02]} Qxd6 {[%emt 0:00:03]} 21. Be3 {[%emt 0:00:05]} Qb4 {[%emt 0:03:47]} 22. b3 {[%emt 0:00:32]} b5 {[%emt 0:01:47]} 23. Rac1 {[%emt 0:01:55]} Rfd8 {[%emt 0:04:01]} 24. Qb7 {[%emt 0:10:10]} Nh4 {[%emt 0:02:39]} 25. cxb5 {[%emt 0:09:10]} axb5 {[%emt 0:00:29]} 26. Bc5 {[%emt 0:00:16]} Qd2 {[%emt 0:01:01]} 27. Be7 {[%emt 0:03:02]} Rdb8 {[%emt 0:02:51]} 28. Qe4 {[%emt 0:00:44]} Nf5 {[%emt 0:00:08]} 29. Rc2 {[%emt 0:00:06]} Qe3 {[%emt 0:01:17]} 30. Qb4 {[%emt 0:00:49]} Rc8 {[%emt 0:01:56]} 31. Bc5 {[%emt 0:02:41]} Qd3 {[%emt 0:00:03]} 32. Rfc1 {[%emt 0:00:02]} Qd7 {[%emt 0:00:25]} 33. Bg1 {[%emt 0:02:28]} Rxc2 {[%emt 0:00:28]} 34. Rxc2 {[%emt 0:00:02]} h5 {[%emt 0:00:25]} 35. Rd2 {[%emt 0:01:01]} Qc6 {[%emt 0:00:14]} 36. Qc5 {[%emt 0:02:10]} Qe4 {[%emt 0:00:46]} 37. Qxb5 {[%emt 0:02:20]} Qxf4 {[%emt 0:00:16]} 38. Qc6 {[%emt 0:02:36]} Rf8 {[%emt 0:02:02]} 39. Rd3 {[%emt 0:01:01]} h4 {[%emt 0:00:20]} 40. Qc4 {[%emt 0:02:27]} Qe5 {[%emt 0:00:48]} 41. a4 {[%emt 0:07:45]} Ra8 {[%emt 0:10:59]} 42. Rd7 {[%emt 0:11:39]} Qe1 {[%emt 0:05:18]} 43. Qd3 {[%emt 0:00:44]} g6 {[%emt 0:06:08]} 44. Qd1 {[%emt 0:01:40]} Qb4 {[%emt 0:01:27]} 45. Bf2 {[%emt 0:07:43]} Rc8 {[%emt 0:03:31]} 46. Rd8+ {[%emt 0:00:46]} Rxd8 {[%emt 0:00:03]} 47. Qxd8+ {[%emt 0:00:02]} Kg7 {[%emt 0:00:06]} 48. Qd3 {[%emt 0:00:56]} e5 {[%emt 0:01:35]} 49. Kg1 {[%emt 0:01:03]} e4 {[%emt 0:01:43]} 50. Qc4 {[%emt 0:00:03]} Qe7 {[%emt 0:00:24]} 51. Qc3+ {[%emt 0:00:29]} Kh7 {[%emt 0:00:11]} 52. Be3 {[%emt 0:01:03]} Qd7 {[%emt 0:01:31]} 53. Kf2 {[%emt 0:01:43]} h3 {[%emt 0:01:27]} 54. gxh3 {[%emt 0:00:21]} Qd6 {[%emt 0:00:14]} 55. Ke1 {[%emt 0:01:41]} Qxh2 {[%emt 0:00:34]} 56. Qf6 {[%emt 0:00:01]} Qg3+ {[%emt 0:02:52]} 57. Bf2 {[%emt 0:00:38]} Qxb3 {[%emt 0:00:05]} 58. a5 {[%emt 0:01:09]} e3 {[%emt 0:00:47]} 59. Bh4 {[%emt 0:00:02]} Qb4+ {[%emt 0:00:38]} 60. Ke2 {[%emt 0:00:02]} Qc4+ {[%emt 0:00:08]} 0-1

[Event "CZE-tht Extraliga 2018-19"]
[Site "Czech Republic"]
[Date "2018.12.02"]
[Round "4"]
[White "Kraus, Tomas"]
[Black "Langner, Ladislav"]
[Result "1/2-1/2"]
[WhiteElo "2447"]
[BlackElo "2393"]
[Annotator "TA"]
[PlyCount "92"]
[EventDate "2018.11.03"]
[EventType "team-tourn"]
[EventCountry "CZE"]
[SourceTitle "playchess.com"]
[Source "ChessBase"]
[SourceQuality "1"]
[WhiteTeam "Turnov"]
[BlackTeam "Cesky Tesin"]

{[%evp 21,92,75,62,4,11,10,71,-37,-34,-30,-30,-29,0,0,0,0,33,40,41,41,36,37,34,32,86,-237,-236,-233,-154,-166,0,0,0,0,0,0,0,-99,-100,-95,-96,-96,-96,-90,-83,-99,-95,-154,-187,-185,0,0,8,-8,-8,-221,-210,-1152,0,0,8,8,8,8,8,8,8,8,8,8,8,8,8]} 1. d4 Nf6 2. Nf3 c5 3. c4 cxd4 4. Nxd4 b6 5. Nc3 Bb7 6. f3 d6 7. e4 g6 {A34: Symmetrical English: 2 Nc3, lines with ...d5} (7... e6 8. Be3 Be7 9. Be2 O-O 10. Qd2 a6 11. O-O-O Nbd7 12. g4 Rc8 13. g5 Ne8 14. Kb1 Ne5 15. b3 Nc6 16. Nc2 b5 17. cxb5 axb5 18. Nxb5 {1-0 (37) Mareco,S (2643)-Cordova,E (2621) Montevideo 2018}) 8. Be3 Bg7 9. Be2 O-O 10. Qd2 Nc6 11. Nc2 Rc8 {[%cal Ba8c8,Bc8c4,Bc4g4][%mdl 32] LiveBook: 3 Games} 12. Rc1 (12. O-O $14) 12... e6 $146 ({Predecessor:} 12... Nd7 13. O-O f5 14. exf5 gxf5 15. Bh6 Qe8 16. Bxg7 Kxg7 {½-½ (43) Partenheimer,A (2133)-Baum,B (2304) Bad Neuenahr 2014}) 13. Bg5 Ne5 (13... h6 $11 {keeps the balance.} 14. Bxh6 Nxe4 {[%mdl 64] Decoy} 15. Nxe4 Qh4+ {[%mdl 64] Double Attack} 16. g3 Qxh6 17. Qxh6 Bxh6) 14. f4 (14. Rd1 $1 $16) 14... Nxc4 $15 15. Bxc4 Rxc4 16. e5 $1 dxe5 (16... Ne4 {is more complex.} 17. Bxd8 Nxd2 18. Be7 Ne4 19. Ne3 Rcc8) 17. Qxd8 Rxd8 18. fxe5 Rg4 19. Bxf6 Bxf6 20. exf6 {Ne3 is the strong threat.} Rxg2 21. Ne3 Rxb2 22. O-O h6 {[#]} (22... Rbd2 $14) 23. a4 $2 {[%mdl 8192]} (23. Rfd1 $1 $16 {[%cal Rd1d8]} Rdd2 24. Rxd2 Rxd2 25. Rd1 Rxd1+ 26. Ncxd1) 23... Rdd2 $19 {( -> ...Rg2+!)} 24. Rf4 Rxh2 {[%csl Gb7][%cal Rh2h1]} 25. Ne4 e5 $2 (25... Rh3 $19 26. Nc4 Rbh2) 26. Rf2 $11 {[#]} Rh1+ $1 {[%mdl 576] Deflection} 27. Kxh1 Rxf2 28. Kg1 Rf3 29. Nd6 (29. Ng4 $1 $11 {was the only way to keep the balance.} Rf4 30. Nef2) 29... Rxe3 $17 30. Nxb7 {[%mdl 4096] Endgame KRN-KR} Rf3 31. Rc8+ Kh7 32. Ra8 Rxf6 33. Rxa7 e4 34. Nd8 ({White should play} 34. a5) 34... Kg7 35. Re7 {[#]} Rd6 $2 (35... Kf8 $1 $19 {[%cal Rf8e7]} 36. Rc7 (36. Rxe4 $2 Rd6 $19) 36... e3) 36. Nxf7 $11 Rd4 37. Ra7 e3 {Hoping for ...Rd1+.} 38. Nd8+ $2 (38. Ne5+ $11 {and White is okay.} Kf6 39. Nd7+ Ke6 40. Nf8+ Ke5 41. Re7+ Kd5 42. Rd7+ Kc4 43. Rxd4+ Kxd4 44. Nxg6) 38... Kg8 $19 39. Rg7+ $2 (39. Nc6 Rd1+ 40. Kg2) 39... Kh8 $2 (39... Kxg7 $19 40. Ne6+ Kf6 41. Nxd4 Ke5) 40. Kf1 $1 $11 {The position is equal.} Rf4+ 41. Ke2 {White wants to play Ra7.} Kxg7 42. Ne6+ {[%mdl 64] Double Attack} Kf6 43. Nxf4 Ke5 $132 {[%mdl 2048] Black has counterplay} 44. Nxg6+ Kd4 45. Ne7 h5 46. Nf5+ Kc5 {Accuracy: White = 41%, Black = 43%.} 1/2-1/2

[Event "CZE-tht Extraliga 2018-19"]
[Site "Czech Republic"]
[Date "2018.12.02"]
[Round "4"]
[White "Neuman, Petr"]
[Black "Rabatin, Jakub"]
[Result "1/2-1/2"]
[WhiteElo "2432"]
[BlackElo "2313"]
[Annotator "TA"]
[PlyCount "138"]
[EventDate "2018.11.03"]
[EventType "team-tourn"]
[EventCountry "CZE"]
[SourceTitle "playchess.com"]
[Source "ChessBase"]
[SourceQuality "1"]
[WhiteTeam "Pardubice"]
[BlackTeam "Beskydska"]

{[%evp 21,138,11,20,-15,-15,0,0,0,0,-32,-16,-24,9,0,0,-45,12,1,47,12,12,0,6,0,0,0,25,0,0,0,11,12,29,14,37,0,0,0,32,0,62,44,107,17,23,16,81,74,83,56,89,55,89,54,112,107,120,107,104,94,132,131,167,107,116,114,146,148,145,136,113,116,245,160,147,157,159,145,142,136,143,146,126,116,116,105,112,111,107,94,108,97,123,39,37,11,21,35,45,51,45,14,12,0,54,18,19,21,116,13,58,19,18,19,33,0,0,0,6]} 1. Nf3 Nf6 2. c4 g6 3. Nc3 Bg7 4. g3 O-O 5. Bg2 d6 6. d4 Nc6 7. O-O a6 8. b3 Rb8 9. Nd5 Nxd5 {E63: King's Indian: Fianchetto: Panno Variation with 7...a6} 10. cxd5 Nb4 11. e4 f5 {LiveBook: 17 Games} 12. exf5 $146 ({Predecessor:} 12. Ng5 c5 13. dxc6 Nxc6 14. exf5 Bxf5 15. Be3 d5 16. g4 Bc8 17. h3 {0-1 (36) Bulski,K (2554)-Cheparinov,I (2677) Helsingor 2012}) 12... Bxf5 13. Ne1 {Threatens to win with a3.} c6 14. dxc6 bxc6 15. Bb2 Qd7 16. Qd2 Bh3 17. Bxh3 Qxh3 18. Qe2 Rb5 (18... a5 $15) 19. f4 $11 Rh5 20. Nf3 (20. Rf2 {is more complex.} Nd5 21. Nc2 Rhf5 22. Ne3 R5f7 23. Nxd5 cxd5 24. Re1) 20... Qg4 21. Qg2 Nd5 {White must now prevent ...Ne3.} 22. Rae1 h6 23. h4 Qd7 24. Qe2 a5 {[%cal Ba6a5,Ba5a4][%mdl 32]} 25. Kh2 Rhf5 26. Bc1 R5f7 27. Bd2 Ra8 28. Rc1 a4 29. b4 Rff8 30. a3 Kh8 (30... Rfc8 $11) 31. Qe4 $14 Rf5 {[#]} (31... Rf6 $14) 32. Qc2 ({White should try} 32. b5 $1 $16 {[%mdl 512]}) 32... Ra6 $11 33. Kg2 Nf6 (33... Rf6 $11) 34. Rfe1 $16 Kh7 35. Qd3 Rb6 36. Be3 Rd5 37. Bf2 Bf8 (37... Rf5 $14) 38. Qc2 Ra6 39. Qe2 Rb6 40. Nd2 Qf5 41. Nc4 $36 {[%mdl 2048] Keeping Black busy.} Rbb5 42. Qf3 (42. Na5 $18) 42... Ng4 43. Bg1 g5 44. fxg5 hxg5 45. Qxf5+ Rxf5 46. hxg5 Rf7 (46... Rxg5 $16 47. Ne3 Nf6) 47. Rf1 Rxf1 48. Rxf1 Kg8 49. Na5 Rxg5 50. Nxc6 Nf6 51. Be3 Rb5 52. Nd8 Bg7 53. Ne6 Kf7 54. Nc7 Rb7 55. Nd5 $1 Ke6 56. Nf4+ Kd7 57. Rc1 (57. Kf3 $16) 57... Ng4 $14 58. Bg1 Bh6 59. Kf3 Nf6 60. Be3 Rb8 61. Ng2 Bg7 62. Nf4 Bh6 63. Rh1 Bxf4 64. Bxf4 $11 {[%mdl 4096] Endgame KRB-KRN} Kc6 (64... Rc8 $11 {remains equal.}) 65. Bg5 ({White should play} 65. g4 $16) 65... Rf8 66. Bxf6 Rxf6+ 67. Ke4 {With the idea d5+.} Re6+ 68. Kd3 Rg6 69. Rh3 Kd5 {Accuracy: White = 40%, Black = 39%.} 1/2-1/2

[Event "CZE-tht Extraliga 2018-19"]
[Site "Czech Republic"]
[Date "2018.12.02"]
[Round "4"]
[White "Jansa, Vlastimil"]
[Black "Babula, Vlastimil"]
[Result "1/2-1/2"]
[WhiteElo "2429"]
[BlackElo "2541"]
[Annotator "TA"]
[PlyCount "32"]
[EventDate "2018.11.03"]
[EventType "team-tourn"]
[EventCountry "CZE"]
[SourceTitle "playchess.com"]
[Source "ChessBase"]
[SourceQuality "1"]
[WhiteTeam "Lysa nad Labem"]
[BlackTeam "Novoborsky"]

{[%evp 23,32,0,37,29,27,30,34,18,21,26,61]} 1. e4 c5 2. Nf3 e6 3. Nc3 a6 4. d4 cxd4 5. Nxd4 b5 6. Bd3 Bb7 7. O-O Nc6 8. Nxc6 Bxc6 9. Re1 {B43: Sicilian: Kan Variation: 5 Nc3} Bc5 10. Be3 Bxe3 11. Rxe3 Ne7 12. Qh5 Ng6 {LiveBook: 3 Games} 13. Rd1 $146 ({Predecessor:} 13. Ne2 d6 14. Nd4 Bd7 15. Nf5 exf5 16. exf5+ Ne5 {½-½ (24) Malisauskas,V (2483)-Nisipeanu,L (2664) Novi Sad 2009}) 13... Rc8 14. Ne2 d6 15. Nd4 Qb6 16. c3 {Strongly threatening e5!} Bd7 1/2-1/2

[Event "CZE-tht Extraliga 2018-19"]
[Site "Czech Republic"]
[Date "2018.12.02"]
[Round "4"]
[White "Roubalik, Jakub"]
[Black "Pakleza, Zbigniew"]
[Result "1/2-1/2"]
[WhiteElo "2410"]
[BlackElo "2506"]
[Annotator "TA"]
[PlyCount "25"]
[EventDate "2018.11.03"]
[EventType "team-tourn"]
[EventCountry "CZE"]
[SourceTitle "playchess.com"]
[Source "ChessBase"]
[SourceQuality "1"]
[WhiteTeam "Duras"]
[BlackTeam "Ostrava"]

{[%evp 13,16,7,12,-1,2]} 1. d4 d6 2. c4 e5 3. e3 Nd7 4. Nc3 Ngf6 5. Bd3 g6 6. Nge2 Bg7 7. O-O O-O {LiveBook: 7 Games} 8. Qc2 {E61: King's Indian: Early deviations for White, including Smyslov System} (8. b4 Re8 9. Bb2 h5 10. h3 h4 11. Qb3 e4 12. Bc2 Nf8 13. d5 g5 14. Rad1 Ng6 15. Rd4 g4 16. Nxe4 gxh3 17. Nxf6+ Qxf6 {½-½ (33) Dzindzichashvili,R (2545)-Sokolov,I (2665) New York 1996}) 8... Re8 {Predecessor:} 9. Bd2 $146 c6 10. Rae1 Qe7 11. f3 a5 12. Qa4 Nb6 13. Qb3 {1-0 (36) Mokal,A (2047)-Jakubiec,E (2212) Suwalki 2017} 1/2-1/2

[Event "CZE-tht Extraliga 2018-19"]
[Site "Czech Republic"]
[Date "2018.12.02"]
[Round "4"]
[White "Piesik, Piotr"]
[Black "Vykouk, Jan"]
[Result "0-1"]
[WhiteElo "2404"]
[BlackElo "2435"]
[Annotator "TA"]
[PlyCount "112"]
[EventDate "2018.11.03"]
[EventType "team-tourn"]
[EventCountry "CZE"]
[SourceTitle "playchess.com"]
[Source "ChessBase"]
[SourceQuality "1"]
[WhiteTeam "Cesky Tesin"]
[BlackTeam "Turnov"]

{[%evp 16,112,14,-18,25,6,2,0,0,0,0,0,-6,-10,-10,-12,-6,-6,-4,-6,-5,-1,-5,-10,-10,-10,-10,-10,-14,-9,-8,-11,0,0,0,0,0,-2,0,0,0,-29,-20,-50,-48,-48,-43,-74,-65,-73,-28,-66,-66,-81,-17,-56,-54,-96,-91,-112,-106,-107,-96,-111,-110,-215,-219,-272,-273,-454,-454,-404,-481,-619,-609,-485,-354,-648,-647,-647,-643,-924,-803,-1009,-1230,-1177,-1099,-818,-773,-29964,-6412,-29980,-29980,-29986,-29987,-29987,-29986,-29986,-29987]} 1. Nf3 Nf6 2. g3 b6 3. Bg2 Bb7 4. O-O c5 5. c4 g6 6. Nc3 Bg7 7. d3 O-O 8. Bg5 h6 {A30: Symmetrical English: Double Fianchetto and Hedgehog} 9. Bd2 {LiveBook: 13 Games} e6 (9... d5 10. Qc1 Kh7 11. cxd5 Nxd5 12. a3 Na6 13. Nxd5 Bxd5 14. Bc3 Rc8 15. Bxg7 Kxg7 16. b4 {0-1 (78) Alonso Rosell,A (2530)-Aloma Vidal,R (2434) Barcelona 2015}) 10. e4 d5 $146 {The position is equal.} ({Predecessor:} 10... Nc6 11. Re1 d6 12. a3 Ne8 13. Rb1 Nc7 14. b4 Kh7 15. b5 Nd4 16. Nxd4 cxd4 {0-1 (35) Krasenkova,I (2063)-Visser,H (2256) Vlissingen 2014}) 11. cxd5 exd5 12. e5 Nfd7 13. Re1 Re8 14. d4 cxd4 $1 15. Nxd4 {Black must now prevent f4.} Nxe5 16. Bf4 Na6 17. Ndb5 {[%cal Rg2d5]} Qd7 {White should prevent ...Nc4.} 18. Bxe5 Bxe5 19. Bxd5 Bxd5 20. Qxd5 Qxd5 21. Nxd5 Bxb2 22. Rxe8+ Rxe8 23. Rd1 $1 Re2 24. Kf1 Rc2 25. Ne3 Rc5 26. Nxa7 Nb4 27. Rb1 Nd3 28. a4 Bd4 29. Ke2 Nb2 30. Kf3 Bg7 31. Nb5 Nxa4 32. Rb4 Nb2 33. Na3 Rc6 34. Ke2 h5 (34... Bf8 $17 35. Rb3 Kg7) 35. Nac2 Rd6 36. Rb3 Na4 37. Nb4 Nc3+ 38. Kf3 b5 39. Nbc2 Rd2 40. Na3 {[#]} (40. Nb4 $17 {might work better.}) 40... f5 $1 $19 41. Rxc3 Bxc3 {[%mdl 4096] Endgame KRB-KNN} 42. Nb1 $2 (42. Nxb5 {is the only way for White.} Bb4 43. h4) 42... Rd3 43. Ke2 {[#]} Rxe3+ $1 44. Kxe3 {KB-KN} Bb4 45. Kd4 Kf7 46. Ke5 $2 (46. Kd5) 46... Be1 47. f3 b4 48. Kd4 {[#]} f4 $1 {[%mdl 512]} 49. gxf4 Kf6 50. Ke4 Bc3 51. h3 Be1 52. f5 g5 53. f4 g4 {Black mates.} 54. hxg4 hxg4 {[%cal Bh5g4,Bg4g3][%mdl 32]} 55. Ke3 g3 56. Kf3 Kxf5 {Accuracy: White = 37%, Black = 76%.} 0-1